Kooperácia malých a stredných podnikov ako predpoklad konkurenčnej výhody podniku bakalárska práca

Salvato in:
Dettagli Bibliografici
Autore principale: Durkošová, Anna
Ente Autore: Fakulta podnikového manažmentu EU. Katedra podnikovohospodárska
Altri autori: Gajdová, Denisa, 1977-
Natura: Libro
Lingua:slovacco
Pubblicazione: Bratislava 2022
Tags: Aggiungi Tag
Nessun Tag, puoi essere il primo ad aggiungerne!!

MARC

LEADER 00000nbm a2200000 4500
001 0285411
005 20230215115706.6
041 0 |a slo 
044 |a SK 
245 1 0 |a Kooperácia malých a stredných podnikov ako predpoklad konkurenčnej výhody podniku  |b bakalárska práca  |c Anna Durkošová ; školiteľ: Denisa Gajdová 
264 1 |a Bratislava  |c 2022 
300 |a 46 s. 
100 1 |a Durkošová, Anna 
700 1 |a Gajdová, Denisa, 1977- 
710 2 |a Fakulta podnikového manažmentu EU. Katedra podnikovohospodárska